New York State Decoder - Statistics

General Stats
  • This quiz has been taken 20 times
  • The average score is 15 of 23
Answer Stats
Hint Answer % Correct
A Nickname of NYC: The Big _____ Apple
100%
N Waterfalls on the Canada–U.S. border Niagara
100%
A State capital Albany
94%
O What Lake Placid hosted twice Olympics
94%
K Major league basketball team Knicks
89%
D Franklin ______ Roosevelt Delano
83%
I City with Cornell University Ithaca
78%
T A popular salad dressing is named for this region: ________ Islands Thousand
78%
H Area of Long Island where the rich vacation during the summer Hamptons
72%
I Native American confederacy Iroquois
72%
C Mountain range where the Borscht Belt was located Catskill
67%
R "Flower City" Rochester
61%
S ________ Springs Saratoga
61%
T Fort captured by Ethan Allen Ticonderoga
61%
E State motto Excelsior
56%
N County that Hempstead is part of Nassau
50%
M River that flows parallel to the Erie Canal in eastern New York Mohawk
44%
The Adirondack Mountains
44%
U Chicken riggies originated here Utica
44%
D Sixth governor: ______ Clinton DeWitt
39%
N Former colony that controlled the Hudson River: New _________ Netherland
39%
A Village known for the DeFeo murders Amityville
28%
O Largest lake entirely in New York Oneida
28%
No matching quizzes found
Score Distribution
Percent of People with Each Score
Percentile by Number Answered
Your Score History
You have not taken this quiz